|
|
|
|
| LEADER |
00000naa2a2200000 4500 |
| 001 |
381754 |
| 005 |
20231101062852.0 |
| 035 |
|
|
|a (RuTPU)RU\TPU\prd\4661
|
| 090 |
|
|
|a 381754
|
| 100 |
|
|
|a 20020613a2002 k y0rusy50 ca
|
| 101 |
0 |
|
|a rus
|
| 102 |
|
|
|a RU
|
| 200 |
1 |
|
|a Оценка качества формализованных медицинских документов
|f В. М. Ахутин, В. В. Шаповалов, М. О. Иоффе
|
| 225 |
1 |
|
|a Исследования, конструирование и технология
|
| 461 |
|
1 |
|0 (RuTPU)RU\TPU\prd\1623
|x 0025-8075
|t Медицинская техника
|l Biomedical Engineering
|o научно-технический журнал
|d 1976-
|
| 463 |
|
1 |
|0 (RuTPU)RU\TPU\prd\3493
|t № 2
|v С. 27-31
|d 2002
|
| 610 |
1 |
|
|a медицинские документы
|
| 610 |
1 |
|
|a формализация
|
| 610 |
1 |
|
|a качество
|
| 610 |
1 |
|
|a оценка
|
| 610 |
1 |
|
|a вычислительная техника
|
| 610 |
1 |
|
|a здравоохранение
|
| 610 |
1 |
|
|a информация
|
| 610 |
1 |
|
|a регистрация
|
| 675 |
|
|
|a 615.47:61:002.5
|v 3
|
| 700 |
|
1 |
|a Ахутин
|b В. М.
|
| 701 |
|
1 |
|a Шаповалов
|b В. В.
|
| 701 |
|
1 |
|a Иоффе
|b М. О.
|
| 801 |
|
1 |
|a RU
|b 63413507
|c 20020613
|g PSBO
|
| 801 |
|
2 |
|a RU
|b 63413507
|c 20120914
|g PSBO
|
| 942 |
|
|
|c BK
|